| 000 | 01992nam a2200409 c 4500 | ||
|---|---|---|---|
| 003 | BLK | ||
| 005 | 20230407030346.0 | ||
| 008 | 180409b bul|||||r ||||||| ||bul|| | ||
| 010 | _aKNG00106957000 | ||
| 020 |
_a954-8976-28-5 _bиздат.: Стандарт |
||
| 040 | _aBLK | ||
| 041 |
_aBUL _cBUL |
||
| 080 |
_aБългарска литература _b821.163.2 _x.09(07) _z821.163.2.09(07) |
||
| 100 | 1 |
_aВлахова, Радка Василева _eпърви автор _gВлахова-Руйкова, Радка Василева _9366436 |
|
| 700 | 1 |
_aТишева, Йовка Великова _e* _9366283 |
|
| 700 | 1 |
_aДачева, Гергана Кирилова _e* _9371918 |
|
| 700 | 1 |
_aСтойчева, Паулина Теодорова _e* _9308976 |
|
| 700 | 1 |
_aХристова, Валентина Наумова _e* _9308977 |
|
| 139 |
_aИзпитът по български език и литература _bИ 45 |
||
| 245 | 1 | 0 |
_aИзпитът по български език и литература _bВ помощ на кандидат-студенти и зрелостници _cРадка Василева Влахова; * Йовка Великова Тишева; * Гергана Кирилова Дачева; * Паулина Теодорова Стойчева; * Валентина Наумова Христова. |
| 257 | _aBGR | ||
| 260 |
_аСофия _bСтандарт _c2003 _fВраца : Полипринт |
||
| 300 |
_a252 с. _c21 см |
||
| 380 | _a82 | ||
| 500 | _aОфс. изд. | ||
| 650 | 4 |
_aБългарска литература - учебни помагала _9242720 |
|
| 653 | _aбългарска литература | ||
| 653 | _aучебни помагала | ||
| 653 | _aкандидатстудентски изпити | ||
| 653 | _aматури | ||
| 653 | _aзрелостни изпити | ||
| 852 | _aЦб 215260 | ||
| 856 | 4 |
_qpdf _u |
|
| 856 | 4 |
_qpdf _u |
|
| 942 |
_cKNG _n0 |
||
| 944 |
_aCR _c09.07.2003 _kЦветанка_Енчева |
||
| 944 |
_aED _c23.09.2004 _k |
||
| 999 |
_c101900 _d101900 |
||